000 00661nam a2200181 i 4500
001 32314
003 ES-MaACL
005 20230910063043.0
007 t|
008 030130s1905 sp ||||1| spa d
100 1 _aBernis, Francisco,
_d1877-1933
_928345
245 1 0 _aMemoria presentada al Círculo de la Unión Mercantil ... de Madrid sobre los trabajos relizados por el Instituto Nacional de Estadística .. en julio y agosto de 1905 /
_cFrancisco Bernis.
260 _aSevilla :
_b[s.n.],
_c1905.
300 _a1 v.
710 2 _aInstituto Nacional de Estadística (España)
_95162
852 _aES-MaACL
_jT-1076-F-11
999 _c32314
_d32314